[Event "Kandidatklassen 2011"]
[Site "Odense"]
[Date "2011.04.19"]
[Round "1"]
[White "Jorgensen, Brian Jorgen"]
[Black "Carstensen, Jacob"]
[Result "1/2-1/2"]
[WhiteElo "2211"]
[BlackElo "2357"]
[PlyCount "82"]
[EventDate "2011.??.??"]
[EventCountry "DEN"]
[SourceDate "2014.05.18"]

1. d4 Nf6 2. Nf3 e6 3. Bf4 c5 4. e3 Nc6 5. c3 b6 6. Nbd2 Be7 7. h3 O-O 8. Bd3
Bb7 9. O-O d6 10. Bh2 e5 11. dxe5 dxe5 12. Qc2 Bd6 13. Ne4 h6 14. Nxd6 Qxd6 15.
Bb5 Rfe8 16. Rfd1 Qc7 17. Qe2 a6 18. Ba4 b5 19. Bc2 Qe7 20. a4 c4 21. Rd2 Qc5
22. axb5 axb5 23. Rad1 b4 24. cxb4 Nxb4 25. Bb1 e4 26. Nd4 Nd3 27. Rc2 Qd5 28.
Rc3 Ba6 29. b3 cxb3 30. Nxb3 Nf4 31. Qe1 Ne2+ 32. Kh1 Qxd1 33. Qxd1 Nxc3 34.
Qe1 Rec8 35. Be5 Nxb1 36. Qxb1 Bd3 37. Qe1 Ra2 38. Nd4 Nd5 39. Kh2 Ne7 40. Qb4
Ng6 41. Bg3 Ra6 1/2-1/2

[Event "Kandidatklassen 2011"]
[Site "Odense"]
[Date "2011.04.19"]
[Round "1"]
[White "Aabling Thomsen, Jakob"]
[Black "Rostgaard, Tobias Valentin"]
[Result "1/2-1/2"]
[WhiteElo "2313"]
[BlackElo "2205"]
[PlyCount "98"]
[EventDate "2011.??.??"]
[EventCountry "DEN"]
[SourceDate "2014.05.18"]

1. e4 c5 2. Nf3 e6 3. Nc3 a6 4. d4 cxd4 5. Nxd4 Qc7 6. Bd3 Nc6 7. Nxc6 bxc6 8.
O-O Nf6 9. b3 d5 10. Bb2 Be7 11. Qf3 O-O 12. Rfe1 d4 13. Ne2 e5 14. h3 Be6 15.
Ng3 Rfc8 16. Bc1 g6 17. Qe2 a5 18. Rf1 Bd6 19. Bd2 a4 20. Bc4 Bxc4 21. Qxc4 Nd7
22. Qd3 c5 23. Bh6 c4 24. Qf3 axb3 25. axb3 Rxa1 26. Rxa1 cxb3 27. cxb3 Bf8 28.
Rc1 Qb8 29. Rxc8 Qxc8 30. Bxf8 Kxf8 31. Qd3 Qc1+ 32. Qf1 Qxf1+ 33. Kxf1 Ke7 34.
Ke2 Kd6 35. Nf1 Kc5 36. Nd2 Kb4 37. Kd3 Nc5+ 38. Kc2 f6 39. f3 g5 40. g3 d3+
41. Kb2 Ne6 42. Nc4 Nd4 43. Ne3 d2 44. Nd5+ Kc5 45. Ne3 f5 46. exf5 Nxf5 47.
Nd1 Nxg3 48. Kc3 Nf1 49. Nf2 d1=Q 1/2-1/2

[Event "Kandidatklassen 2011"]
[Site "Odense"]
[Date "2011.04.19"]
[Round "1"]
[White "Olsen, Peter Erik"]
[Black "Rendboe, John Filip"]
[Result "1/2-1/2"]
[WhiteElo "2201"]
[BlackElo "2253"]
[PlyCount "53"]
[EventDate "2011.??.??"]
[EventCountry "DEN"]
[SourceDate "2014.05.18"]

1. d4 Nf6 2. c4 e6 3. Nc3 Bb4 4. Nf3 O-O 5. g3 d5 6. cxd5 exd5 7. Bg2 b6 8. O-O
Bb7 9. Qb3 Na6 10. Bg5 Be7 11. Ne5 c6 12. Rad1 h6 13. Bxf6 Bxf6 14. f4 Nc7 15.
e4 dxe4 16. Nxe4 Be7 17. Rfe1 Nd5 18. Nc5 Bxc5 19. dxc5 Qc7 20. cxb6 Qxb6+ 21.
Qxb6 axb6 22. Nxc6 Bxc6 23. Bxd5 Bxd5 24. Rxd5 Rxa2 25. Rb5 Ra6 26. Rc1 Rd8 27.
Rc2 1/2-1/2

[Event "Kandidatklassen 2011"]
[Site "Odense"]
[Date "2011.04.19"]
[Round "1"]
[White "Vovk, Oksana"]
[Black "Hansen, Mads"]
[Result "0-1"]
[WhiteElo "2253"]
[BlackElo "2187"]
[PlyCount "80"]
[EventDate "2011.??.??"]
[EventCountry "DEN"]
[SourceDate "2014.05.18"]

1. d4 d5 2. c4 dxc4 3. Nf3 Nf6 4. e3 e6 5. Bxc4 c5 6. O-O a6 7. dxc5 Qxd1 8.
Rxd1 Bxc5 9. Nbd2 Nbd7 10. b3 O-O 11. Bb2 b6 12. Be2 Bb7 13. Nc4 Rfd8 14. Nfe5
Nxe5 15. Bxe5 b5 16. Na5 Bd5 17. Rac1 Ba3 18. Nc6 Rdc8 19. Bb2 Bxb2 20. Ne7+
Kf8 21. Nxc8 Bxc1 22. Nb6 Bxb3 23. axb3 Rb8 24. Nd7+ Nxd7 25. Rxd7 Rc8 26. Kf1
Ba3 27. Bd1 Rc1 28. Ke2 Bb4 29. Ra7 Ra1 30. Bc2 g6 31. h4 h5 32. g3 Kg7 33. Ra8
Kf6 34. Ra7 Be1 35. Bd3 Bc3 36. Kf3 Rd1 37. Rd7 Rd2 38. e4 Rb2 39. Ra7 Bd4 40.
e5+ Kxe5 0-1

[Event "Kandidatklassen 2011"]
[Site "Odense"]
[Date "2011.04.19"]
[Round "1"]
[White "Sorensen, Torben Kyhl"]
[Black "Ochsner, Bjorn Moller"]
[Result "0-1"]
[WhiteElo "2172"]
[BlackElo "2251"]
[PlyCount "104"]
[EventDate "2011.??.??"]
[EventCountry "DEN"]
[SourceDate "2014.05.18"]

1. e4 c5 2. Nf3 e6 3. c3 Nf6 4. e5 Nd5 5. d4 cxd4 6. cxd4 d6 7. Bc4 Nc6 8. O-O
Be7 9. Bxd5 exd5 10. Nc3 Be6 11. exd6 Qxd6 12. Ng5 Bf6 13. Nb5 Qd7 14. Nxe6
fxe6 15. Bf4 O-O 16. Re1 Rae8 17. Bd6 Ne7 18. Bxe7 Rxe7 19. Nc3 Rc8 20. Re3 Rc4
21. Rd3 Qc6 22. Qd2 Qb6 23. Rd1 Rec7 24. b3 Rxd4 25. Rxd4 Bxd4 26. Na4 Bxf2+
27. Qxf2 Qxf2+ 28. Kxf2 b5 29. Re1 Rc2+ 30. Kg3 Kf7 31. Rb1 bxa4 32. bxa4 Rc7
33. a5 Kf6 34. a4 e5 35. Rb8 g6 36. Kf3 Ke6 37. Rb5 e4+ 38. Kf4 h6 39. h4 Rf7+
40. Ke3 Ke5 41. Rc5 Rb7 42. g4 Rb2 43. a6 Rb6 44. Ra5 Rb3+ 45. Kd2 Kd4 46. Kc2
Rb4 47. Kd2 e3+ 48. Ke2 Rb2+ 49. Ke1 Kc4 50. Kf1 d4 51. Re5 Kd3 52. Re7 Rb1+
0-1

[Event "Kandidatklassen 2011"]
[Site "Odense"]
[Date "2011.04.19"]
[Round "1"]
[White "Pedersen, Jan Nordenbaek"]
[Black "Wiecker, Stefan"]
[Result "1-0"]
[WhiteElo "2246"]
[BlackElo "2155"]
[PlyCount "74"]
[EventDate "2011.??.??"]
[EventCountry "DEN"]
[SourceDate "2014.05.18"]

1. d4 Nf6 2. Nf3 g6 3. c4 Bg7 4. g3 O-O 5. Bg2 d6 6. O-O Nc6 7. Nc3 Bd7 8. h3
e5 9. d5 e4 10. Nd2 e3 11. dxc6 exd2 12. cxd7 dxc1=Q 13. Rxc1 Nxd7 14. b3 Nc5
15. e3 a5 16. Qc2 Qb8 17. Rfd1 Na6 18. a3 Nc5 19. Rb1 Ra6 20. h4 Ne6 21. Nb5
Rd8 22. Rd2 Nc5 23. Kh2 Re8 24. Rbd1 Rb6 25. Kg1 Bf6 26. Rb1 Kg7 27. Nc3 c6 28.
b4 axb4 29. axb4 Na6 30. b5 Nc5 31. Na4 Nxa4 32. Qxa4 Qa8 33. Qxa8 Rxa8 34.
Rxd6 Ra4 35. Bf1 Be5 36. Rd7 cxb5 37. Rxb5 Rb4 1-0

[Event "Kandidatklassen 2011"]
[Site "Odense"]
[Date "2011.04.19"]
[Round "1"]
[White "Brondt, Nicolai Kvist"]
[Black "Kaaber Hansen, Jacob"]
[Result "1/2-1/2"]
[WhiteElo "2151"]
[BlackElo "2239"]
[PlyCount "122"]
[EventDate "2011.??.??"]
[EventCountry "DEN"]
[SourceDate "2014.05.18"]

1. Nf3 d5 2. d4 Nf6 3. c4 c6 4. Nc3 e6 5. e3 Nbd7 6. Qc2 Bd6 7. Be2 O-O 8. O-O
Qe7 9. b3 b6 10. e4 dxe4 11. Nxe4 Nxe4 12. Qxe4 Bb7 13. Bb2 f5 14. Qc2 c5 15.
Rad1 Rad8 16. Rfe1 a6 17. dxc5 Bxc5 18. Ne5 Nxe5 19. Rxd8 Rxd8 20. Bxe5 Bxf2+
21. Kxf2 Qc5+ 22. Kf1 Qxe5 23. Bf3 Qf4 24. Qe2 Be4 25. Rd1 Rxd1+ 26. Qxd1 Bxf3
27. Qd8+ Kf7 28. Qd7+ Kf6 29. Qd8+ Kg6 30. Qe8+ Kh6 31. Qxe6+ g6 32. gxf3 Qxf3+
33. Kg1 Qd1+ 34. Kg2 Qd2+ 35. Kf3 Qd3+ 36. Kf2 Qd4+ 37. Kf3 a5 38. Qe7 Qg4+ 39.
Kf2 Qf4+ 40. Ke2 Qxh2+ 41. Kf3 Qh1+ 42. Kf2 Qe4 43. Qf6 Qf4+ 44. Ke2 Qg4+ 45.
Kf2 f4 46. Qxb6 Qg3+ 47. Kf1 f3 48. Qg1 Qf4 49. Qh1+ Kg5 50. Kf2 Kg4 51. Qg1+
Kf5 52. Qf1 h5 53. Qd3+ Kg5 54. Qxf3 Qd2+ 55. Qe2 Qxe2+ 56. Kxe2 Kf4 57. c5 Ke5
58. a3 Kd5 59. b4 g5 60. Kf3 axb4 61. axb4 h4 1/2-1/2

[Event "Kandidatklassen 2011"]
[Site "Odense"]
[Date "2011.04.19"]
[Round "1"]
[White "Laursen, Niels Norskov"]
[Black "Schou Moldt, Thomas"]
[Result "1/2-1/2"]
[WhiteElo "2221"]
[BlackElo "2125"]
[PlyCount "28"]
[EventDate "2011.??.??"]
[EventCountry "DEN"]
[SourceDate "2014.05.18"]

1. e4 d6 2. d4 Nf6 3. Nc3 e5 4. Nge2 Be7 5. g3 c6 6. Bg2 b5 7. a3 Bb7 8. O-O
O-O 9. h3 a5 10. d5 cxd5 11. Nxd5 Nxd5 12. exd5 Nd7 13. f4 Qb6+ 14. Kh2 Rac8
1/2-1/2

[Event "Kandidatklassen 2011"]
[Site "Odense"]
[Date "2011.04.19"]
[Round "1"]
[White "Kwapinski, Leszek"]
[Black "Hartvig, Ove Weiss"]
[Result "0-1"]
[WhiteElo "2057"]
[BlackElo "2219"]
[PlyCount "68"]
[EventDate "2011.??.??"]
[EventCountry "DEN"]
[SourceDate "2014.05.18"]

1. f4 g6 2. c3 Bg7 3. Nf3 Nf6 4. d3 d5 5. Qc2 c5 6. e4 Nc6 7. e5 Ng4 8. h3 Nh6
9. g4 f6 10. d4 O-O 11. Be3 cxd4 12. cxd4 fxe5 13. dxe5 d4 14. Bc4+ Kh8 15. Bd2
Qb6 16. Qb3 Qd8 17. Qb5 Bd7 18. Qd5 e6 19. Qe4 Qb6 20. b3 Nb4 21. Na3 Bc6 22.
Qe2 d3 23. Bxd3 Nxd3+ 24. Qxd3 Rad8 25. Qe2 Rxd2 26. Qxd2 Bxf3 27. Rf1 Rd8 28.
Qc3 Bg2 29. Rf2 Bf8 30. Nc2 Be4 31. a3 Bxc2 32. Qxc2 Qe3+ 33. Kf1 Qxh3+ 34. Rg2
Nxg4 0-1

[Event "Kandidatklassen 2011"]
[Site "Odense"]
[Date "2011.04.19"]
[Round "1"]
[White "Dyrgaard, Kristoffer"]
[Black "Haubro, Martin"]
[Result "1-0"]
[WhiteElo "2218"]
[BlackElo "2022"]
[PlyCount "47"]
[EventDate "2011.??.??"]
[EventCountry "DEN"]
[SourceDate "2014.05.18"]

1. e4 c5 2. Nf3 d6 3. d4 cxd4 4. Nxd4 Nf6 5. Nc3 a6 6. Bg5 Nbd7 7. Qd2 e6 8.
O-O-O b5 9. f3 Bb7 10. g4 b4 11. Nce2 d5 12. Ng3 Qa5 13. Kb1 Qc7 14. Bxf6 Nxf6
15. g5 Nd7 16. Bh3 Qb6 17. Rhe1 Bc5 18. exd5 O-O 19. dxe6 fxe6 20. Bxe6+ Kh8
21. Bxd7 Rad8 22. Ne6 Bc6 23. Nxd8 Rxd8 24. Bxc6 1-0

[Event "Kandidatklassen 2011"]
[Site "Odense"]
[Date "2011.04.20"]
[Round "2"]
[White "Ochsner, Bjorn Moller"]
[Black "Dyrgaard, Kristoffer"]
[Result "1-0"]
[WhiteElo "2251"]
[BlackElo "2218"]
[PlyCount "149"]
[EventDate "2011.??.??"]
[EventCountry "DEN"]
[SourceDate "2014.05.18"]

1. e4 c5 2. Nf3 Nc6 3. d4 cxd4 4. Nxd4 Nf6 5. Nc3 e5 6. Ndb5 d6 7. Bg5 a6 8.
Na3 b5 9. Nd5 Be7 10. Bxf6 Bxf6 11. c4 b4 12. Nc2 a5 13. g3 O-O 14. Bg2 Be6 15.
Nce3 Bg5 16. O-O Bxe3 17. Nxe3 a4 18. Qd3 Qb6 19. Rad1 Rfd8 20. b3 axb3 21.
axb3 Ra3 22. Nc2 Ra2 23. Rd2 Qc5 24. Rb1 h6 25. h4 Na5 26. Bf1 Nc6 27. Kh2 f5
28. Bh3 Nd4 29. Nxd4 Rxd2 30. Qxd2 exd4 31. Rd1 d3 32. Kg1 Kh8 33. exf5 Bxf5
34. Bxf5 Qxf5 35. Qxd3 Qe5 36. Qd4 Qe2 37. Qd2 Qf3 38. Qd3 Qf6 39. c5 Rf8 40.
Qe3 dxc5 41. Qxc5 Qf3 42. Re1 Kg8 43. Qe3 Qb7 44. Rd1 Ra8 45. Qe5 Rc8 46. Rd5
Kh8 47. Qd4 Qe7 48. Kg2 Qb7 49. Kh2 Rf8 50. Kg1 Rg8 51. Rd6 Kh7 52. Rd7 Qc6 53.
Rf7 Qg6 54. Rd7 Qb1+ 55. Qd1 Qb2 56. Qd3+ Kh8 57. Rf7 Rc8 58. Rf4 Qc3 59. Qd5
Re8 60. Kg2 Qe1 61. Qb5 Qe6 62. Qxb4 Qc6+ 63. Kh2 Qc2 64. Qc4 Qb1 65. b4 Kh7
66. Qd5 Qf1 67. Qf7 Re2 68. Qf5+ Kh8 69. Qc5 Re8 70. Rf8+ Rxf8 71. Qxf8+ Kh7
72. Qc5 Qd3 73. b5 Qf3 74. Qc2+ Kh8 75. Kg1 1-0

[Event "Kandidatklassen 2011"]
[Site "Odense"]
[Date "2011.04.20"]
[Round "2"]
[White "Hartvig, Ove Weiss"]
[Black "Pedersen, Jan Nordenbaek"]
[Result "1/2-1/2"]
[WhiteElo "2219"]
[BlackElo "2246"]
[PlyCount "24"]
[EventDate "2011.??.??"]
[EventCountry "DEN"]
[SourceDate "2014.05.18"]

1. e4 c5 2. Nf3 Nc6 3. d4 cxd4 4. Nxd4 Nf6 5. Nc3 e5 6. Ndb5 d6 7. Nd5 Nxd5 8.
exd5 Nb8 9. c4 Be7 10. Bd3 O-O 11. O-O a6 12. Nc3 f5 1/2-1/2

[Event "Kandidatklassen 2011"]
[Site "Odense"]
[Date "2011.04.20"]
[Round "2"]
[White "Hansen, Mads"]
[Black "Aabling Thomsen, Jakob"]
[Result "0-1"]
[WhiteElo "2187"]
[BlackElo "2313"]
[PlyCount "74"]
[EventDate "2011.??.??"]
[EventCountry "DEN"]
[SourceDate "2014.05.18"]

1. c4 Nf6 2. g3 g6 3. Bg2 d5 4. cxd5 Nxd5 5. Nf3 Bg7 6. O-O Nc6 7. Nc3 Nb6 8.
d3 O-O 9. Bg5 h6 10. Be3 e5 11. Qd2 Kh7 12. h4 f5 13. h5 g5 14. Nh2 Nd4 15.
Rac1 Qe7 16. f4 exf4 17. gxf4 Re8 18. Bf2 gxf4 19. Nf3 Ne6 20. d4 Rg8 21. Bh4
Bf6 22. Bxf6 Qxf6 23. Qd3 Rg3 24. e4 fxe3 25. Ne2 Rxg2+ 26. Kxg2 Nd5 27. Nh2
Qg5+ 28. Kh1 Ng7 29. Rg1 Qxh5 30. Ng3 Qh3 31. Rcf1 b6 32. Ne4 Bb7 33. Rf3 Qh4
34. Ng3 Nf6 35. d5 Bxd5 36. Qxe3 Ng4 37. Qc5 Qxh2# 0-1

[Event "Kandidatklassen 2011"]
[Site "Odense"]
[Date "2011.04.20"]
[Round "2"]
[White "Carstensen, Jacob"]
[Black "Olsen, Peter Erik"]
[Result "1-0"]
[WhiteElo "2357"]
[BlackElo "2201"]
[PlyCount "129"]
[EventDate "2011.??.??"]
[EventCountry "DEN"]
[SourceDate "2014.05.18"]

1. d4 Nf6 2. c4 c5 3. d5 b5 4. cxb5 a6 5. bxa6 g6 6. Nc3 Bxa6 7. g3 d6 8. Bg2
Bg7 9. Nf3 Nbd7 10. Rb1 O-O 11. O-O Qa5 12. Bd2 Rfb8 13. b3 Ng4 14. Qc2 Nge5
15. Nxe5 Nxe5 16. a4 Qb6 17. h3 Bc8 18. Kh2 Bf5 19. e4 Bc8 20. Be3 Ba6 21. Rfd1
Qa5 22. Na2 Bc8 23. f4 Nd7 24. Bf1 Ba6 25. Bd2 Qb6 26. a5 Qa7 27. Bg2 Rc8 28.
Nc3 Rab8 29. Re1 Qc7 30. Na4 Rb7 31. Rec1 Qb8 32. b4 Bb5 33. bxc5 Bxa4 34. Rxb7
Qxb7 35. Qxa4 Nxc5 36. Qb4 Qa8 37. Rb1 h5 38. Be3 Kh7 39. e5 Rc7 40. Qd2 Ra7
41. Bxc5 dxc5 42. Rb5 c4 43. Qd4 Rxa5 44. Rxa5 Qxa5 45. Qxc4 Qd2 46. h4 Kg8 47.
Qc8+ Bf8 48. Qe8 Qd3 49. e6 fxe6 50. dxe6 Qf5 51. Be4 Qxe6 52. Qxg6+ Qxg6 53.
Bxg6 Kg7 54. Bxh5 e6 55. Bf3 Kf6 56. Be4 Bb4 57. Kg2 Be1 58. Kf3 Bd2 59. g4 Be1
60. g5+ Kf7 61. h5 Bd2 62. Kg4 Kg7 63. h6+ Kf7 64. Bc2 Bc3 65. g6+ 1-0

[Event "Kandidatklassen 2011"]
[Site "Odense"]
[Date "2011.04.20"]
[Round "2"]
[White "Rendboe, John Filip"]
[Black "Brondt, Nicolai Kvist"]
[Result "1-0"]
[WhiteElo "2253"]
[BlackElo "2151"]
[PlyCount "57"]
[EventDate "2011.??.??"]
[EventCountry "DEN"]
[SourceDate "2014.05.18"]

1. d4 Nf6 2. c4 e6 3. Nc3 Bb4 4. e3 O-O 5. Bd3 d5 6. Nf3 c5 7. O-O dxc4 8. Bxc4
Nbd7 9. a3 cxd4 10. exd4 Bxc3 11. bxc3 Qc7 12. Qd3 b6 13. Re1 Bb7 14. Ba2 b5
15. Bd2 a6 16. Rac1 Nb6 17. Ne5 Rac8 18. Bg5 Nbd5 19. c4 bxc4 20. Bxc4 Qd6 21.
Rb1 Rc7 22. Bd2 Nd7 23. Ba5 N7b6 24. Ba2 Re7 25. Qg3 f6 26. Ng6 Rd7 27. Nxf8
Kxf8 28. Qxd6+ Rxd6 29. Bxd5 1-0

[Event "Kandidatklassen 2011"]
[Site "Odense"]
[Date "2011.04.20"]
[Round "2"]
[White "Kaaber Hansen, Jacob"]
[Black "Jorgensen, Brian Jorgen"]
[Result "1/2-1/2"]
[WhiteElo "2239"]
[BlackElo "2211"]
[PlyCount "36"]
[EventDate "2011.??.??"]
[EventCountry "DEN"]
[SourceDate "2014.05.18"]

1. e4 e6 2. d4 d5 3. Nc3 Bb4 4. e5 c5 5. Bd2 cxd4 6. Nb5 Bc5 7. b4 Bf8 8. Nxd4
Ne7 9. b5 Ng6 10. Qh5 Bc5 11. Nb3 Ba3 12. Bd3 Qh4 13. Qxh4 Nxh4 14. g3 Ng6 15.
f4 Nd7 16. Bc1 Bb4+ 17. Bd2 Ba3 18. Bc1 Bb4+ 1/2-1/2

[Event "Kandidatklassen 2011"]
[Site "Odense"]
[Date "2011.04.20"]
[Round "2"]
[White "Rostgaard, Tobias Valentin"]
[Black "Laursen, Niels Norskov"]
[Result "1/2-1/2"]
[WhiteElo "2205"]
[BlackElo "2221"]
[PlyCount "85"]
[EventDate "2011.??.??"]
[EventCountry "DEN"]
[SourceDate "2014.05.18"]

1. d4 Nf6 2. c4 g6 3. Nc3 Bg7 4. Nf3 O-O 5. g3 d6 6. Bg2 Nbd7 7. O-O e5 8. e4
a6 9. h3 b5 10. cxb5 axb5 11. Re1 Rb8 12. Nd5 Bb7 13. dxe5 dxe5 14. Bg5 h6 15.
Bxf6 Nxf6 16. Nxe5 Nxe4 17. Bxe4 Bxe5 18. Qb3 Bd4 19. Nf4 Bxe4 20. Rxe4 c5 21.
Rae1 Rb6 22. Qc2 Rd6 23. h4 h5 24. Qe2 c4 25. Nh3 Qf6 26. Rf4 Qd8 27. Ng5 Rf6
28. Rd1 Rxf4 29. gxf4 Qf6 30. f5 Bxb2 31. Kh1 c3 32. fxg6 fxg6 33. Qxb5 Qxf2
34. Qd5+ Kh8 35. Qe5+ Qf6 36. Qc7 Qg7 37. Rd7 c2 38. Rxg7 c1=Q+ 39. Qxc1 Bxc1
40. Rxg6 Bxg5 41. Rxg5 Rf4 42. Rxh5+ Kg7 43. Rg5+ 1/2-1/2

[Event "Kandidatklassen 2011"]
[Site "Odense"]
[Date "2011.04.20"]
[Round "2"]
[White "Schou Moldt, Thomas"]
[Black "Vovk, Oksana"]
[Result "1/2-1/2"]
[WhiteElo "2125"]
[BlackElo "2253"]
[PlyCount "35"]
[EventDate "2011.??.??"]
[EventCountry "DEN"]
[SourceDate "2014.05.18"]

1. e4 e6 2. d4 d5 3. Nd2 Nc6 4. Ngf3 Nf6 5. e5 Nd7 6. Bb5 Be7 7. c4 dxc4 8.
Nxc4 Nb6 9. O-O O-O 10. Ne3 Nb4 11. Re1 Bd7 12. Bf1 Bc6 13. a3 N4d5 14. Nc2 a5
15. Bd3 Nd7 16. Qe2 Re8 17. Bb5 Nb8 18. Bd2 1/2-1/2

[Event "Kandidatklassen 2011"]
[Site "Odense"]
[Date "2011.04.20"]
[Round "2"]
[White "Haubro, Martin"]
[Black "Sorensen, Torben Kyhl"]
[Result "1/2-1/2"]
[WhiteElo "2022"]
[BlackElo "2172"]
[PlyCount "94"]
[EventDate "2011.??.??"]
[EventCountry "DEN"]
[SourceDate "2014.05.18"]

1. e4 c5 2. Nf3 Nc6 3. d4 cxd4 4. Nxd4 Nf6 5. Nc3 e5 6. Ndb5 d6 7. Nd5 Nxd5 8.
exd5 Ne7 9. c4 Nf5 10. Bd3 Be7 11. O-O a6 12. Nc3 O-O 13. Rb1 Bg5 14. f4 exf4
15. Bxf4 Bxf4 16. Rxf4 Qg5 17. Qf1 Ne3 18. Ne4 Qh6 19. Qf3 Ng4 20. Qg3 f5 21.
Rxg4 fxg4 22. Nxd6 Qf6 23. b4 a5 24. c5 axb4 25. Qe3 Rxa2 26. Nxc8 Rxc8 27. Rf1
Ra1 28. Bb1 Rxb1 29. Rxb1 Rf8 30. Qe6+ Qxe6 31. dxe6 Rf4 32. Rd1 Kf8 33. Rd7
Rf5 34. Rxb7 Rxc5 35. Rxb4 h5 36. Rf4+ Kg8 37. e7 Rc8 38. Kf2 Re8 39. Rf8+
Rxf8+ 40. exf8=Q+ Kxf8 41. g3 Ke7 42. Ke3 Kf6 43. Kf4 g5+ 44. Ke4 Ke6 45. Kd4
Kf5 46. Kd5 h4 47. Kd4 Kf6 1/2-1/2

[Event "Kandidatklassen 2011"]
[Site "Odense"]
[Date "2011.04.20"]
[Round "2"]
[White "Wiecker, Stefan"]
[Black "Kwapinski, Leszek"]
[Result "1-0"]
[WhiteElo "2155"]
[BlackElo "2057"]
[PlyCount "47"]
[EventDate "2011.??.??"]
[EventCountry "DEN"]
[SourceDate "2014.05.18"]

1. e4 c5 2. Nf3 Nc6 3. d4 cxd4 4. Nxd4 Nf6 5. Nc3 e5 6. Ndb5 d6 7. Nd5 Nxd5 8.
exd5 Ne7 9. a4 Nf5 10. Be2 Be7 11. O-O O-O 12. a5 a6 13. Nc3 Bg5 14. Bd3 Nh6
15. f4 exf4 16. Bxf4 Ng4 17. Ra4 f5 18. Bxg5 Qxg5 19. Rxg4 fxg4 20. Bxh7+ Kxh7
21. Rxf8 g3 22. Qd3+ g6 23. Qxg3 Bg4 24. Rf4 1-0

[Event "Kandidatklassen 2011"]
[Site "Odense"]
[Date "2011.04.21"]
[Round "3"]
[White "Carstensen, Jacob"]
[Black "Ochsner, Bjorn Moller"]
[Result "1-0"]
[WhiteElo "2357"]
[BlackElo "2251"]
[PlyCount "83"]
[EventDate "2011.??.??"]
[EventCountry "DEN"]
[SourceDate "2014.05.18"]

1. d4 Nf6 2. c4 e6 3. g3 d5 4. Nf3 Be7 5. Bg2 O-O 6. O-O dxc4 7. Qc2 a6 8. Qxc4
b5 9. Qc2 Bb7 10. Bd2 Be4 11. Qc1 Nbd7 12. Ba5 Rc8 13. Nbd2 Ba8 14. Qc2 Qe8 15.
b4 Bd6 16. Rac1 e5 17. Nxe5 Nxe5 18. Bxa8 Rxa8 19. dxe5 Qxe5 20. Nf3 Qe7 21. a3
Rfe8 22. Nd4 Qd7 23. Qc6 Qg4 24. Rfd1 Bf4 25. e3 Be5 26. Kg2 h5 27. Nf3 Bd6 28.
Bxc7 Bxc7 29. Qxc7 Ne4 30. Qd7 Qg6 31. Rc6 Nf6 32. Qb7 Reb8 33. Qc7 Re8 34.
Rdd6 Qe4 35. Rd4 Qf5 36. Rc5 Qb1 37. Rf4 Qa2 38. Ng5 Rf8 39. Rxf6 gxf6 40. Qf4
Qb2 41. Ne4 Kg7 42. Rxh5 1-0

[Event "Kandidatklassen 2011"]
[Site "Odense"]
[Date "2011.04.21"]
[Round "3"]
[White "Aabling Thomsen, Jakob"]
[Black "Hartvig, Ove Weiss"]
[Result "1-0"]
[WhiteElo "2313"]
[BlackElo "2219"]
[PlyCount "113"]
[EventDate "2011.??.??"]
[EventCountry "DEN"]
[SourceDate "2014.05.18"]

1. e4 c6 2. d4 d5 3. Nc3 g6 4. Be3 Bg7 5. f3 b6 6. Qd2 Ba6 7. Nge2 e6 8. O-O-O
Nd7 9. g4 h6 10. Bg2 Ndf6 11. h3 Qd7 12. e5 Nh7 13. Ng3 O-O-O 14. h4 Qc7 15. f4
Nf8 16. h5 Nd7 17. hxg6 fxg6 18. f5 c5 19. fxe6 Nxe5 20. Nxd5 Rxd5 21. Bxd5
cxd4 22. Bf2 Ne7 23. Bg2 Nc4 24. Qe1 d3 25. c3 Qf4+ 26. Kb1 Nxb2 27. Ne4 Nxd1
28. Qxd1 Nd5 29. Qa4 Nxc3+ 30. Nxc3 Qxa4 31. Nxa4 d2 32. Kc2 Bc4 33. Kxd2 Rd8+
34. Kc1 Bxe6 35. Be4 Bd7 36. Bc2 Bxg4 37. Bxg6 Rf8 38. Be3 Rf6 39. Bc2 Rc6 40.
Kb1 h5 41. Bg5 Rc4 42. Nb2 Rb4 43. Bc1 Kd7 44. a3 Rd4 45. Nd3 Rd6 46. Rf1 Rf6
47. Ne5+ Kc7 48. Rg1 Bf8 49. Nxg4 hxg4 50. Rxg4 Rf1 51. Rc4+ Kd8 52. Bd3 Rf3
53. Rd4+ Ke7 54. Kc2 Ke6 55. Bc4+ Ke5 56. Bb2 Kf5 57. Rd7 1-0

[Event "Kandidatklassen 2011"]
[Site "Odense"]
[Date "2011.04.21"]
[Round "3"]
[White "Pedersen, Jan Nordenbaek"]
[Black "Rendboe, John Filip"]
[Result "1/2-1/2"]
[WhiteElo "2246"]
[BlackElo "2253"]
[PlyCount "27"]
[EventDate "2011.??.??"]
[EventCountry "DEN"]
[SourceDate "2014.05.18"]

1. Nf3 Nf6 2. c4 c5 3. Nc3 Nc6 4. d4 cxd4 5. Nxd4 g6 6. e4 Bg7 7. Be3 O-O 8.
Be2 d6 9. O-O Nxd4 10. Bxd4 Bd7 11. Rc1 Bc6 12. f3 Nd7 13. Be3 a6 14. b4
1/2-1/2

[Event "Kandidatklassen 2011"]
[Site "Odense"]
[Date "2011.04.21"]
[Round "3"]
[White "Rostgaard, Tobias Valentin"]
[Black "Kaaber Hansen, Jacob"]
[Result "0-1"]
[WhiteElo "2205"]
[BlackElo "2239"]
[PlyCount "102"]
[EventDate "2011.??.??"]
[EventCountry "DEN"]
[SourceDate "2014.05.18"]

1. d4 d5 2. Nf3 Nf6 3. c4 c6 4. e3 Bf5 5. Nc3 e6 6. Nh4 Bg6 7. Be2 Nbd7 8. O-O
Bd6 9. b3 Ne4 10. Nxe4 Bxh2+ 11. Kxh2 Qxh4+ 12. Kg1 Bxe4 13. Ba3 Qg5 14. Bf3
Bxf3 15. Qxf3 h5 16. cxd5 exd5 17. e4 O-O-O 18. e5 f5 19. Rac1 Kb8 20. Bd6+ Ka8
21. b4 Qg4 22. Qxg4 hxg4 23. f3 gxf3 24. Rxf3 g6 25. g4 Nf8 26. gxf5 gxf5 27.
Rxf5 Ne6 28. Rd1 Rh4 29. Kf2 Rxd4 30. Rxd4 Nxd4 31. Rf6 Re8 32. Kg3 b6 33. Kf4
c5 34. bxc5 bxc5 35. Ke3 Ne6 36. Rf7 c4 37. Rh7 d4+ 38. Kd2 Rg8 39. Re7 Rg2+
40. Kd1 Rg6 41. Kd2 Nf4 42. Bc5 c3+ 43. Kd1 Rg1+ 44. Kc2 Rg2+ 45. Kb3 Rb2+ 46.
Ka3 d3 47. Rd7 Rb5 48. Be3 Nd5 49. e6 Nxe3 50. e7 Re5 51. Rxd3 c2 0-1

[Event "Kandidatklassen 2011"]
[Site "Odense"]
[Date "2011.04.21"]
[Round "3"]
[White "Laursen, Niels Norskov"]
[Black "Hansen, Mads"]
[Result "1/2-1/2"]
[WhiteElo "2221"]
[BlackElo "2187"]
[PlyCount "39"]
[EventDate "2011.??.??"]
[EventCountry "DEN"]
[SourceDate "2014.05.18"]

1. e4 e5 2. Nc3 Nf6 3. g3 Nc6 4. Bg2 Bc5 5. d3 d6 6. Na4 Bg4 7. f3 Be6 8. Ne2
Qd7 9. Nxc5 dxc5 10. Be3 b6 11. h3 Ng8 12. f4 exf4 13. Nxf4 Nge7 14. O-O O-O
15. Qd2 Rad8 16. b3 f5 17. Nxe6 Qxe6 18. exf5 Nxf5 19. Bf4 Ncd4 20. Rae1
1/2-1/2

[Event "Kandidatklassen 2011"]
[Site "Odense"]
[Date "2011.04.21"]
[Round "3"]
[White "Dyrgaard, Kristoffer"]
[Black "Wiecker, Stefan"]
[Result "1/2-1/2"]
[WhiteElo "2218"]
[BlackElo "2155"]
[PlyCount "131"]
[EventDate "2011.??.??"]
[EventCountry "DEN"]
[SourceDate "2014.05.18"]

1. e4 c5 2. Nf3 d6 3. d4 cxd4 4. Nxd4 Nf6 5. Nc3 Nc6 6. Bg5 e6 7. Qd2 a6 8.
O-O-O Bd7 9. f4 Be7 10. Kb1 h6 11. Bh4 b5 12. Bxf6 Bxf6 13. Nf3 Be7 14. e5 d5
15. f5 Qa5 16. fxe6 fxe6 17. Qd3 O-O-O 18. Qe3 Kb7 19. Ne2 Rc8 20. Ned4 Qb6 21.
Be2 g5 22. g4 Bc5 23. c3 b4 24. c4 Nxd4 25. Nxd4 Bc6 26. Qd2 Bxd4 27. Qxd4 Qxd4
28. Rxd4 dxc4 29. Rc1 Bb5 30. Bxc4 Bxc4 31. Rcxc4 Rxc4 32. Rxc4 a5 33. Kc2 h5
34. Kb3 Kb6 35. a3 bxa3 36. Kxa3 Kb5 37. b3 hxg4 38. Rxg4 Rxh2 39. Rxg5 Re2 40.
Rh5 Kc5 41. Rg5 Re4 42. Rg8 Rxe5 43. Ka4 Kd4 44. Rg4+ Kd3 45. Rg6 Kd4 46. Rh6
Ke4 47. Rf6 Ke3 48. Rf1 Kd3 49. Rf3+ Kd2 50. Rf2+ Ke1 51. Rf6 Ke2 52. Rf4 Re3
53. Rf6 e5 54. Re6 e4 55. Kxa5 Kd2 56. b4 Ra3+ 57. Kb6 e3 58. b5 Rb3 59. Kc6
Rc3+ 60. Kd7 e2 61. Rxe2+ Kxe2 62. b6 Rd3+ 63. Kc7 Rc3+ 64. Kd7 Rb3 65. Kc7
Rxb6 66. Kxb6 1/2-1/2